Pastplay: Teaching and Learning History with Technology (Record no. 192008)

MARC details
000 -LEADER
fixed length control field 00451nmm a2200145Ia 4500
020 ## - INTERNATIONAL STANDARD BOOK NUMBER
ISBN 9780472119370;9780472035953
100 ## - MAIN ENTRY--PERSONAL NAME
Personal name Kee, Kevin
245 #0 - TITLE STATEMENT
Title Pastplay: Teaching and Learning History with Technology
260 ## - PUBLICATION, DISTRIBUTION, ETC. (IMPRINT)
Place of publication University of Michigan Press
Year of publication 2014
650 ## - SUBJECT ADDED ENTRY--TOPICAL TERM
Topical Term Media
856 ## - ELECTRONIC LOCATION AND ACCESS
Uniform Resource Identifier https://directory.doabooks.org/handle/20.500.12854/34574
942 ## - ADDED ENTRY ELEMENTS (KOHA)
Koha item type
Holdings
Withdrawn status Lost status Damaged status Not for loan Permanent Location Current Location Date acquired Price effective from Koha item type
        Library and Documentation Division NCERT Library and Documentation Division NCERT 11/20/2024 11/20/2024